La collection Ones to Watch de FIFA 23 - Statistiques

Statistiques générales
  • Ce quiz a été pris 275 fois
  • Le résultat moyen est 12 sur 15
Statistiques - réponses
Indice Joueur Note % Correct
Buteur - FC Barcelone Robert Lewandowski 91
98%
Buteur - Manchester City Erling Haaland 88
96%
Défenseur Central - Real Madrid Antonio Rudiger 87
90%
Avant Centre - AS Roma Paulo Dybala 86
90%
Buteur - Arsenal Gabriel Jesus 83
89%
Milieu Central - Real Madrid Aurelien Tchouameni 82
87%
Buteur - Liverpool Darwin Nunez 82
87%
Ailier Droit - Manchester United Antony 82
81%
Milieu Gauche - Bayern Munich Sadio Mané 89
81%
Milieu Central - Olympique Lyonnais Corentin Tolisso 81
80%
Défenseur Central - Bayern Munich Matthias De Ligt 85
74%
Milieu Central - Paris Saint-Germain Renato Sanches 80
65%
Défenseur Central - Borussia Dortmund Nico Schlotterbeck 82
59%
Milieu Défensif Central - Leeds United Tyler Adams 76
56%
Ailier Gauche - Ajax Amsterdam Steven Bergwjin 80
18%
Aucun quiz correspondant
Distribution des résultats
% des personnes avec chaque résultat
Percentile par nombre de réponses
Votre historique - résultats
Vous n’avez pas pris ce quiz